| 000 | 00446nam a2200193Ia 4500 | ||
|---|---|---|---|
| 005 | 20251020182546.0 | ||
| 008 | 200515s9999 xx 000 0 und d | ||
| 082 | _a747:728.73/P99 | ||
| 100 | _aPuyana, Laura | ||
| 245 | 0 | _aCocinas y terrazas : ambientes propios | |
| 260 | _aSantafé de Bogotá, D.C. | ||
| 260 | _c1997 | ||
| 300 | _a68 | ||
| 650 | _aBAÑO | ||
| 650 | _aCOCINAS | ||
| 650 | _aDECORACION | ||
| 650 | _aLIB | ||
| 942 | _cLIB | ||
| 999 |
_c2566 _d2566 |
||